01467nam a2200373Ia 4500001001200000003000800012006001900020007001500039008004100054010001700095020001500112040002100127035002000148050002700168082001700195245009500212250001200307260007700319300002600396490001700422500002100439500002000460504005100480533015200531630002400683630003600707650004400743655002900787700002000816710009600836710001700932830001800949856012600967ebr10112491CaPaEBRm u cr cn|||||||||050517s2004 txua sb 001 0 eng d z 2005274474 z073849089X aCaPaEBRcCaPaEBR a(OCoLC)6173157114aQA76.9.M3bI545 2004eb04a004/.06822200aIntroduction to pSeries provisioningh[electronic resource] /c[Dino Quintero ... et al.]. a1st ed. aAustin, TX :bIBM, International Technical Support Organization,cc2004. axviii, 192 p. :bill.1 aIBM redbooks a"November 2004." a"SG24-6389-00." aIncludes bibliographical references and index. aElectronic reproduction.bPalo Alto, Calif. :cebrary,d2009.nAvailable via World Wide Web.nAccess may be limited to ebrary affiliated libraries.00aAIX (Computer file)00aIBM Cluster systems management. 0aElectronic data processingxManagement. 7aElectronic books.2local1 aQuintero, Dino.2 aInternational Business Machines Corporation.bInternational Technical Support Organization.2 aebrary, Inc. 0aIBM redbooks.40uhttp://site.ebrary.com/lib/rucke/Doc?id=10112491zAn electronic book accessible through the World Wide Web; click to view